Absurdly Long Phobia Names - Statistics

General Stats
  • This quiz has been taken 10 times
  • The average score is 3 of 13
Answer Stats
Hint Answer % Correct
Triskaidekaphobia The number 13
70%
Hippopotomonstrosesquippedaliophobia Long words
50%
Lepidopterophobia Butterflies or moths
40%
Hexakosioihexekontahexaphobia The number 666
40%
Dermatopathophobia Skin disease
30%
Friggatriskaidekaphobia or Paraskevidekatriaphobia Friday the 13th
20%
Chronomentrophobia Clocks
10%
Arachibutyrophobia Getting peanut butter stuck on the roof of your mouth
10%
Kakorrhaphiophobia Failure or defeat
0%
Pteromerhanophobia Flying
0%
Didaskaleinophobia Going to school
0%
Achondroplasiaphobia Little people
0%
Siderodromophobia Railways or rail travel
0%
No matching quizzes found
Score Distribution
Percent of People with Each Score
Percentile by Number Answered
Your Score History
You have not taken this quiz